01422cam a22003131 450000100060000000300080000600500170001400800410003103500140007203500190008604000300010504100080013504200120014308200260015511000900018124502070027126000840047830000420056249000520060450000840065650400300074065000350077065000230080583000570082890600450088594200120093099900170094295201490095974571BD-RjUL20211209082554.0750925s1943 nyua b 000 0 eng  a(BD-RjUL) a(OCoLC)1654747 aDLCcFMUdOCoLCdDLCbeng aeng apremarc a621.314223bMAG 19572 aMassachusetts Institute of Technology.bDepartment of Electrical Engineering.922431510aMagnetic circuits and transformers;ba first course for power and communication engineers,cby members of the staff of the Department of Electrical Engineering, Massachusetts Institute of Technology ... aNew York :bJ. Wiley & Sons, inc.;aLondon :bChapman & Hall, ltd.c[1943] 1957 axxiv, 718 p.billus., diagrs.c24 cm.1 aIts Principles of electrical engineering series a"A publication of the Technology Press, Massachusetts Institute of Technology." aBibliography: p. 693-706. 0aElectric transformers.9224316 0aMagnetism.9224317 0aPrinciples of electrical engineering series.9224319 a7bcbccoclcrplduencipf19gy-gencatlg 2ddccBK c74571d74571 00102ddc40718NFICaRUCLbRUCLcReadingd1958-09-22eJohn wiley and sonsg6.25l0o621.314 MAG 1957r2018-10-28 00:00:00tC-1w2021-12-09yBK